书目信息 |
| 题名: |
从零开始学手帐
|
|
| 作者: | 刘哲 著 | |
| 分册: | ||
| 出版信息: | 北京 中国水利水电出版社 2020 |
|
| 页数: | 179页 | |
| 开本: | 21cm | |
| 丛书名: | ||
| 单 册: | ||
| 中图分类: | TS951.5 , TS951 | |
| 科图分类: | ||
| 主题词: | 本册 | |
| 电子资源: | ||
| ISBN: | 978-7-5170-8227-9 | |
| 000 | 00833nam0 2200241 450 | |
| 001 | 2338756683 | |
| 005 | 20231119112842.96 | |
| 010 | @a978-7-5170-8227-9@dCNY49.80 | |
| 100 | @a20200408d2020 em y0chiy50 ea | |
| 101 | 0 | @achi |
| 102 | @aCN@b110000 | |
| 105 | @aa z 000yy | |
| 200 | 1 | @a从零开始学手帐@9cong ling kai shi xue shou zhang@e以喜欢的方式去旅行@f刘哲著 |
| 210 | @a北京@c中国水利水电出版社@d2020 | |
| 215 | @a179页@c图@d21cm | |
| 330 | @a本书共分6个部分,内容包括:什么是旅行手帐、旅行手帐常用工具、用手帐记录旅行前的准备、手帐中的衣食住行、手帐中的旅行目的地、如何编排旅行手帐。 | |
| 517 | 1 | @a以喜欢的方式去旅行@9yi xi huan de fang shi qu lv xing |
| 606 | 0 | @a本册 |
| 690 | @aTS951.5@v5 | |
| 690 | @aTS951@v4 | |
| 701 | 0 | @a刘哲@9liu zhe@c(女)@4著 |
| 801 | 0 | @aCN@b山东中教@c20200408 |
| 905 | @aBZT@dTS951@e4 | |
| 从零开始学手帐:以喜欢的方式去旅行/刘哲著.-北京:中国水利水电出版社,2020 |
| 179页:图;21cm |
| ISBN 978-7-5170-8227-9:CNY49.80 |
| 本书共分6个部分,内容包括:什么是旅行手帐、旅行手帐常用工具、用手帐记录旅行前的准备、手帐中的衣食住行、手帐中的旅行目的地、如何编排旅行手帐。 |
| ● |
| 相关链接 |
|
|
|
正题名:从零开始学手帐
索取号:TS951/4
 
预约/预借
| 序号 | 登录号 | 条形码 | 馆藏地/架位号 | 状态 | 备注 |
| 1 | 2000982717 | 2000982717 | 中教第一批/山东中教(第一批)/411/ [索取号:TS951/4] | 在馆 | |
| 2 | 2000982718 | 2000982718 | 中教第一批/山东中教(第一批)/411/ [索取号:TS951/4] | 在馆 | |
| 3 | 2000982719 | 2000982719 | 中教第一批/山东中教(第一批)/411/ [索取号:TS951/4] | 在馆 | |
| 4 | 2000982720 | 2000982720 | 中教第一批/山东中教(第一批)/411/ [索取号:TS951/4] | 在馆 | |
| 5 | 2000982721 | 2000982721 | 中教第一批/山东中教(第一批)/411/ [索取号:TS951/4] | 在馆 | |
| 6 | 2000982722 | 2000982722 | 中教第一批/山东中教(第一批)/411/ [索取号:TS951/4] | 在馆 |